[Event "Helsingor Xtracon op"]
[Site "Helsingor"]
[Date "2017.07.22"]
[Round "1"]
[White "Bering, Anders"]
[Black "Huse, Lars Paul"]
[Result "1-0"]
[WhiteElo "1940"]
[BlackElo "1163"]
[PlyCount "71"]
[EventDate "2017.07.22"]
[EventType "swiss"]
[EventRounds "10"]
[EventCountry "DEN"]
[SourceTitle "CBM 179 Extra"]
[Source "ChessBase"]
[SourceDate "2017.08.23"]
[SourceVersion "1"]
[SourceVersionDate "2017.08.23"]
[SourceQuality "1"]

1. e4 c5 2. Nf3 Nc6 3. Bb5 Qb6 4. Nc3 e6 5. Bxc6 Qxc6 6. d4 cxd4 7. Nxd4 Qc7 8. 0-0 b6 9. Re1 Bb7 10. Ndb5 Qc6 11. Nd5 Bd6 12. Nxd6+ Qxd6 13. Bf4 e5 14. Bg5 f6 15. Nxf6+ Qxf6 16. Bxf6 Nxf6 17. Qd6 0-0-0 18. Qxe5 Rhe8 19. Qc3+ Kb8 20. Qg3+ Kc8 21. f3 g6 22. Re3 Bc6 23. c4 Re6 24. b4 Nh5 25. Qf2 g5 26. Qc2 Kb8 27. a4 Rg6 28. b5 Bb7 29. h3 g4 30. hxg4 Nf4 31. a5 d6 32. axb6 axb6 33. Rea3 Kc7 34. Qa2 Rgg8 35. c5 dxc5 36. Qf7+ 1-0

[Event "Helsingor Xtracon op"]
[Site "Helsingor"]
[Date "2016.07.30"]
[Round "9"]
[White "Tolba, Henri"]
[Black "Huse, Lars Paul"]
[Result "1-0"]
[WhiteElo "1688"]
[BlackElo "1121"]
[PlyCount "79"]
[EventDate "2016.07.23"]
[EventType "swiss"]
[EventRounds "10"]
[EventCountry "DEN"]
[SourceTitle "CBM 173 Extra"]
[Source "ChessBase"]
[SourceDate "2016.08.29"]
[SourceVersion "1"]
[SourceVersionDate "2016.08.29"]
[SourceQuality "1"]

1. d4 d5 2. Nf3 Nf6 3. e3 e6 4. Bd3 c5 5. b3 Nc6 6. 0-0 Bd6 7. dxc5 Bxc5 8. a3 0-0 9. Bb2 Re8 10. c4 a6 11. Qc2 Be7 12. Nbd2 g6 13. Rad1 Bf8 14. e4 d4 15. e5 Nd7 16. Nxd4 Ncxe5 17. Be4 Bg7 18. N2f3 Nxf3+ 19. Nxf3 Qe7 20. Bxg7 Kxg7 21. Qb2+ Qf6 22. Qxf6+ Nxf6 23. Bc2 b6 24. Rd6 Rb8 25. Ne5 Re7 26. Nc6 Rbb7 27. Nxe7 Rxe7 28. Rxb6 Ne8 29. Rd1 Bb7 30. f3 f5 31. Kf2 Kf7 32. b4 Nf6 33. Rbd6 Bc8 34. Ba4 g5 35. g3 g4 36. Bc2 gxf3 37. Kxf3 Nd7 38. Re1 Re8 39. Ba4 Ke7 40. Rdxe6+ 1-0

[Event "Helsingor Xtracon op"]
[Site "Helsingor"]
[Date "2016.07.28"]
[Round "7"]
[White "Christiansen, Torsten Sundgaar"]
[Black "Huse, Lars Paul"]
[Result "1/2-1/2"]
[WhiteElo "1708"]
[BlackElo "1121"]
[PlyCount "68"]
[EventDate "2016.07.23"]
[EventType "swiss"]
[EventRounds "10"]
[EventCountry "DEN"]
[SourceTitle "CBM 173 Extra"]
[Source "ChessBase"]
[SourceDate "2016.08.29"]
[SourceVersion "1"]
[SourceVersionDate "2016.08.29"]
[SourceQuality "1"]

1. d4 d5 2. e3 Nf6 3. Bd3 e6 4. f4 c5 5. c3 Nc6 6. a3 c4 7. Bc2 Bd6 8. Nf3 0-0 9. Nbd2 Nd7 10. Ng5 h6 11. Qh5 Nf6 12. Qh4 Ne7 13. Ngf3 Nf5 14. Bxf5 exf5 15. Ne5 Be6 16. 0-0 Ne4 17. Qxd8 Raxd8 18. Nxe4 fxe4 19. f5 Bc8 20. Ng4 f6 21. h3 Kf7 22. Bd2 b5 23. Nh2 Rh8 24. Be1 a6 25. Bh4 Rhg8 26. Ng4 Be7 27. Rf2 h5 28. Nh2 g6 29. fxg6+ Rxg6 30. Kh1 Rf8 31. Raf1 f5 32. Bxe7 Kxe7 33. Rf4 Be6 34. Kg1 Rfg8 1/2-1/2

[Event "Helsingor Xtracon op"]
[Site "Helsingor"]
[Date "2016.07.23"]
[Round "1"]
[White "Huse, Lars Paul"]
[Black "Kizatbay, Abyl"]
[Result "0-1"]
[WhiteElo "1121"]
[BlackElo "1961"]
[PlyCount "80"]
[EventDate "2016.07.23"]
[EventType "swiss"]
[EventRounds "10"]
[EventCountry "DEN"]
[SourceTitle "CBM 173 Extra"]
[Source "ChessBase"]
[SourceDate "2016.08.29"]
[SourceVersion "1"]
[SourceVersionDate "2016.08.29"]
[SourceQuality "1"]

1. e4 c5 2. Nf3 Nc6 3. Bc4 e6 4. 0-0 Qc7 5. d3 a6 6. a3 b5 7. Ba2 Nf6 8. Nc3 Be7 9. Be3 Ng4 10. Bd2 Nd4 11. g3 Nxf3+ 12. Qxf3 Ne5 13. Qe2 Bb7 14. Nd1 0-0 15. f4 Nc6 16. c3 b4 17. Nf2 Kh8 18. axb4 cxb4 19. Rac1 a5 20. Qe3 Rfb8 21. Nh3 Ba6 22. Ng5 b3 23. Bb1 f6 24. Nf3 a4 25. Rfd1 a3 26. bxa3 Bxa3 27. d4 Bxc1 28. Bxc1 b2 29. Bd2 Na5 30. Qf2 Nc4 31. f5 Na3 32. Bf4 d6 33. fxe6 Nxb1 34. Rxb1 Qxc3 35. Bxd6 Qc1+ 36. Qe1 Qxe1+ 37. Nxe1 Rb3 38. d5 Bb5 39. e5 Ra1 40. Rxa1 bxa1Q 0-1

[Event "Politiken Cup 37th"]
[Site "Helsingor"]
[Date "2015.07.26"]
[Round "2"]
[White "Huse, Lars Paul"]
[Black "Pedersen, Carl Aage"]
[Result "0-1"]
[WhiteElo "1170"]
[BlackElo "1778"]
[PlyCount "70"]
[EventDate "2015.07.25"]
[EventType "swiss"]
[EventRounds "10"]
[EventCountry "DEN"]
[SourceTitle "CBM 167 Extra"]
[Source "ChessBase"]
[SourceDate "2015.09.14"]
[SourceVersion "1"]
[SourceVersionDate "2015.09.14"]
[SourceQuality "1"]

1. e4 c5 2. Nf3 d6 3. Bc4 Nf6 4. d3 e6 5. Nc3 Nc6 6. a3 Be7 7. 0-0 a6 8. Be3 0-0 9. Rb1 b5 10. Ba2 Qc7 11. h3 Bb7 12. Qe2 Rac8 13. Rbc1 h6 14. Nh2 b4 15. axb4 Nxb4 16. Bc4 d5 17. exd5 exd5 18. Ng4 Kh7 19. Nxf6+ Bxf6 20. Nxd5 Bxd5 21. c3 Bxc4 22. dxc4 Nc6 23. Qc2+ Kg8 24. f4 Ne7 25. g4 Ng6 26. g5 hxg5 27. fxg5 Qg3+ 28. Qg2 Qxe3+ 29. Kh2 Qxg5 30. Qg4 Qxg4 31. hxg4 Be5+ 32. Kh3 Nf4+ 33. Kh4 f6 34. g5 Nd3 35. Ra1 fxg5+ 0-1